| 000 | 00895nas a2200289 4500 | ||
|---|---|---|---|
| 001 | BR8702002 | ||
| 003 | BR-BrBNA | ||
| 005 | 20231205090633.0 | ||
| 007 | ta | ||
| 008 | 230509b bl.|||p| |||| 00| 00por d | ||
| 040 |
_aBR-BrBNA _bpor _cBiblioteca Nacional de Agricultura |
||
| 041 | _a(Pt) | ||
| 072 | _aF60 | ||
| 100 | 1 | _aFigueiredo, R.W. de | |
| 100 | 1 | _aMaia, G.A. | |
| 100 | 1 | _aHolanda, L.F.F. de | |
| 100 | 1 | _aMonteiro, J.C.S. | |
| 245 | 1 | _aCaracteristicas fisicas e quimicas do jenipapo [Genipa americana] | |
| 246 | 1 | _aPhysical and chemical characteristics of genipap fruit | |
| 650 | _aJENIPAPO | ||
| 650 | _aANALISE FISICA | ||
| 650 | _aANALISE QUIMICA | ||
| 650 | _aACIDO GRAXO | ||
| 773 | 0 |
_tPesquisa Agropecuaria Brasileira (Brazil) _xISSN 0100-204X _g(Apr 1986), v. 21(4) p. 421-428 _wBR8702002 |
|
| 909 |
_a202311 _bLúcia _c55 _dLúcia Elande |
||
| 942 |
_2AGRIS _n0 _cANA |
||
| 999 |
_c119943 _d119943 |
||